| 000 | 00347nam a22001457a 4500 | ||
|---|---|---|---|
| 003 | SGT | ||
| 082 |
_a617.643 _bC24S |
||
| 100 | _aSharma, Mansi | ||
| 245 | _aCaries prevalence and pattern in primary dentition period | ||
| 260 |
_bSGT University _c2024 |
||
| 300 | _a67 | ||
| 650 | _aPediatric Dentistry | ||
| 653 | _aMDS LD | ||
| 942 |
_2ddc _cTH |
||
| 999 |
_c27162 _d27162 |
||